Reinventing the organization: How companies can deliver radically greater value in fast-changing markets (Record no. 1225360)

MARC details
000 -LEADER
fixed length control field 00723nam a2200217Ia 4500
005 - DATE AND TIME OF LATEST TRANSACTION
control field 20241129104321.0
008 - FIXED-LENGTH DATA ELEMENTS--GENERAL INFORMATION
fixed length control field 241129s9999||||xx |||||||||||||| ||und||
020 ## - INTERNATIONAL STANDARD BOOK NUMBER
International Standard Book Number 9781633697706
037 ## - SOURCE OF ACQUISITION
Stock number Textual
040 ## - CATALOGING SOURCE
Original cataloging agency RTL
Language of cataloging eng
Transcribing agency RTL
041 ## - LANGUAGE CODE
Language code of text/sound track or separate title eng
Source of code eng
084 ## - COLON CLASSIFICATION NUMBER
Classification number X:8:(S:44) Q9
Assigning agency RTL
100 ## - MAIN ENTRY--PERSONAL NAME
Personal name Yeung Arthur; Ulrich Dave
9 (RLIN) 725719
245 #0 - TITLE STATEMENT
Title Reinventing the organization: How companies can deliver radically greater value in fast-changing markets
Statement of responsibility, etc. Yeung Arthur; Ulrich Dave
260 ## - PUBLICATION, DISTRIBUTION, ETC.
Place of publication, distribution, etc. Boston
Name of publisher, distributor, etc. Harvard Business Reccview Press
Date of publication, distribution, etc. 2019
300 ## - PHYSICAL DESCRIPTION
Extent ix,318p.
365 ## - TRADE PRICE
Price type code INR
Price amount 1250
650 ## - SUBJECT ADDED ENTRY--TOPICAL TERM
Topical term or geographic name entry element Organizational Change
9 (RLIN) 598384
942 ## - ADDED ENTRY ELEMENTS (KOHA)
Koha item type Textbook
Classification part X:8:(S:44) Q9
Holdings
Withdrawn status Lost status Damaged status Not for loan Home library Current library Date acquired Source of acquisition Cost, normal purchase price Inventory number Total Checkouts Full call number Barcode Date last seen Price effective from Koha item type
        Ratan Tata Library Ratan Tata Library 2024-11-29 Segment Book Distributor 1250.00 65428 & 02/2/23   X:8:(S:44) Q9 RT1584825 2024-11-29 2024-11-29 Textbook
Copyright @ Delhi University Library System